000 00603nam a2200217Ia 4500
003 OSt
005 20221007081553.0
006 a|||||r|||| 00| 0
007 ta
008 221006b |||||||| |||| 00| 0 eng d
024 _a18,542
037 _cReports / Technical Reports
040 _aFLL
_cFLL
_beng
041 _2eng
_aeng
082 _aZ1,215, N2
245 0 _aLaw of the sea
_b Practice of archipelagic states
260 _aNew York
_bUnited Nations USA
_c1992
300 _a249p
_ccm.
942 _hZ1,215, N2
_cREP
_2CC
999 _c1163554
_d1163554